Normal view
MARC view
- الدول النامية -- احوال اقتصادية
Entry Topical Term
001 - CONTROL NUMBER
- control field: 12871
003 - CONTROL NUMBER IDENTIFIER
- control field: JO-AjAnu
005 - DATE AND TIME OF LATEST TRANSACTION
- control field: 20230606072348.0
008 - FIXED-LENGTH DATA ELEMENTS
- fixed length control field: 230606|| aca||aabn | a|a d
040 ## - CATALOGING SOURCE
- Original cataloging agency: JO-AjAnu
- Transcribing agency: JO-AjAnu
150 ## - HEADING--TOPICAL TERM
- Topical term or geographic name entry element: الدول النامية -- احوال اقتصادية
670 ## - SOURCE DATA FOUND
- Source citation: Work cat.: (JO-AjAnu)6624: التنير،سمير, author 12870, نموذج تطبيقي للتنمية في العالم الثالث